000 00331nam a22001457a 4500
003 SGT
020 _a9788123709475
082 _a954.03
_bS76P
100 _aPRABHAKAR, VISHNU
245 _aSARDAR VALLABBHAI PATEL
260 _aINDIA
_bNATIONAL BOOK TRUST
_c1976
300 _a65
650 _aFREEDOM FIGHTERS
942 _2ddc
_cBK
999 _c26131
_d26131